000 01544nam a22002057a 4500
003 BDDh-ASL
005 20231015031319.0
008 230407s1949 i ||||| |||| 00| 0 b d
040 _aBDDh-ASL
_cBDDh-ASL
041 _aben
082 _a297.24201
_bULS
100 1 _aউল্লা, খান বাহাদুল আহছান
_cআল্হজ
_97935
245 1 0 _aসৃষ্টি-তত্ত্ব : সৃষ্টির মূলে প্রেম /
246 _aSristy-Tatta : Sristir Mule Prem.
260 _aকলিকাতা :
_bমুখ্দুমী লাইব্রেরী এণ্ড আহ্ছান উল্লা বুক হাউস,
_c1949.
300 _a52 p. :
_c19 cm.
650 0 _aSufism, ˈso͞ofˌizəm, সুফিবাদ, Suphibāda, রহস্যবাদ, obscurantism, সুফি-পীর-দরবেশ, Suphi-pīra-darabēśa, Sufi-pir-dervish, পীর-দরবেশ, Pīra-darabēśa, Peer-Darbesh, ওলী-আউলিয়ার, Ōlī-ā'uliẏāra, Oli-Auliar, yogi, ˈyōɡē, যোগী, Yōgī, সন্ন্যাসী, Sann'yāsī, monastic, ভিক্ষু, ধর্মার্থ মঠবাসী ব্যক্তি, recluse, monk, নির্জনবাসী ব্যক্তি, saint, sānt, সাধু, Sādhu, সন্ত, patron saint
_92764
650 0 _aইসলাম ধর্ম , Isalāma dharma, Islam, Religion, Mohammedism, Mohammadan, Mohammedan, Muhammadan, Islamic Relition, Peace
_9747
942 _2ddc
_cBK
999 _c31785
_d31785